000 00801nam 22002173 4500
001 202802
090 _a202802
100 _a20260630d u||y0pory50 ba
200 _aConsolação às tribulações de Israel
_fSamuel Usque
_gcom estudos introdutórios por Yosef Hayim Yerushalmi e José V. de Pina Martins
210 _aLisboa
_cFundação Calouste Gulbenkian
_dimp. 1989
215 _a409. [2] p.
_cencadernado
_d23 cm
225 _aCultura portuguesa
300 _atextos em inglês
606 _93661
_aCrítica Literária.Estudos Literários
675 _a82.09
_vPT
_zpor
700 _917663
_aUsque
_bSamuel
_f1495?-15?
701 _917664
_aYerushalmi
_bYosef Hayim
_f1932-2009
702 _94338
_aMartins
_bJosé Vitorino da Pina
_f1920-2010
801 _aPT
_bBMMN
_gRPC
830 _cVanda
990 _cLIVROS